[Event "62.HEM 2008, Gruppe C"]
[Site "Hanau"]
[Date "2008.03.21"]
[Round "4.2"]
[White "Rack, Matthias"]
[Black "Schnegelsberg, Karl-Heinz"]
[Result "1-0"]
[WhiteElo "2051"]
[BlackElo "2044"]
[PlyCount "121"]
[EventDate "2008.??.??"]

1. d4 Nf6 2. c4 g6 3. Nc3 d5 4. cxd5 Nxd5 5. Bd2 Nb6 6. Nf3 Bg7 7. Rc1 O-O 8.
e3 Nc6 9. Bb5 Bd7 10. O-O a6 11. Be2 Bf5 12. Nh4 Bc8 13. Nf3 e5 14. dxe5 Qe7
15. Na4 Nd7 16. Nc3 Nb6 17. Na4 Nd7 18. Nc3 Ndxe5 19. Nd5 Qd6 20. Bc3 Bg4 21.
Nxe5 Bxe2 22. Qxe2 Nxe5 23. Rfd1 c5 24. f4 Rae8 25. fxe5 Bxe5 26. Bxe5 Rxe5 27.
Nf4 Qe7 28. Rc3 b5 29. a3 c4 30. Qf3 f5 31. Rd5 Re4 32. Rd4 Re5 33. Nd5 Qc5 34.
Nb4 a5 35. Rd5 Rxd5 36. Qxd5+ Qxd5 37. Nxd5 Rd8 38. e4 Kf7 39. Rc2 fxe4 40. Nc3
e3 41. Kf1 b4 42. axb4 axb4 43. Ne4 c3 44. Ke2 Ra8 45. bxc3 b3 46. Rb2 Ra2 47.
Nd6+ Ke6 48. Nc4 Kd5 49. Nxe3+ Kc5 50. Nd1 Kc4 51. Kd2 Ra3 52. Ne3+ Kc5 53. Kd3
Kc6 54. c4 Kc5 55. Kc3 Ra1 56. Rxb3 Rc1+ 57. Kd3 Ra1 58. Rb7 h5 59. Ke4 Ra4 60.
Rb5+ Kc6 61. Rg5 1-0

[Event "62.HEM 2008, Gruppe C"]
[Site "Hanau"]
[Date "2008.03.21"]
[Round "4.3"]
[White "Scholz, Uwe"]
[Black "Will, Jens"]
[Result "0-1"]
[WhiteElo "2072"]
[BlackElo "1964"]
[PlyCount "90"]
[EventDate "2008.??.??"]

1. c4 Nf6 2. Nc3 g6 3. d4 Bg7 4. e4 d6 5. f3 O-O 6. Be3 e5 7. Nge2 Nc6 8. d5
Ne7 9. Qd2 Nd7 10. g4 f5 11. gxf5 gxf5 12. O-O-O f4 13. Bf2 a6 14. Kb1 Kh8 15.
Nc1 Ng6 16. Be2 Bf6 17. Rdg1 Bh4 18. Qe1 Bxf2 19. Qxf2 Qh4 20. Qxh4 Nxh4 21.
Rg4 Ng6 22. h4 Nf6 23. Rg5 Ne7 24. Bd1 h6 25. Rgg1 Rg8 26. Nd3 Bd7 27. c5 Rxg1
28. Rxg1 Rg8 29. Rh1 Nh5 30. Na4 Ng3 31. Rh2 Nf1 32. Rh1 Ne3 33. Nc3 Rg3 34.
cxd6 cxd6 35. Ne1 Kg7 36. Kc1 Kf6 37. Be2 Rh3 38. Rxh3 Bxh3 39. b4 Kg6 40. a4
Kh5 41. a5 Bd7 42. b5 axb5 43. Bxb5 Bxb5 44. Nxb5 Nc8 45. Nd3 Nc4 0-1

[Event "62.HEM 2008, Gruppe C"]
[Site "Hanau"]
[Date "2008.03.21"]
[Round "4.4"]
[White "Fischer, Arthur"]
[Black "Powalla, Klaus"]
[Result "1/2-1/2"]
[WhiteElo "2013"]
[BlackElo "1931"]
[PlyCount "93"]
[EventDate "2008.??.??"]

1. e4 Nf6 2. e5 Nd5 3. d4 Nc6 4. c4 Nb6 5. Nc3 d6 6. exd6 exd6 7. Be3 Be7 8.
Rc1 Bf5 9. b3 Bf6 10. Bd3 Bxd3 11. Qxd3 Qe7 12. Nf3 O-O 13. O-O Rad8 14. Rfe1
Qd7 15. Bg5 Bxg5 16. Nxg5 g6 17. h3 Rde8 18. Qd2 f6 19. Rxe8 Rxe8 20. Nge4 Kg7
21. Rd1 f5 22. Ng3 d5 23. c5 Nc8 24. Qg5 Kh8 25. h4 Qf7 26. Nge2 a6 27. Nf4
N8e7 28. h5 Kg7 29. hxg6 hxg6 30. Nh5+ Kf8 31. Nf6 Rd8 32. Qh4 Qg7 33. Nh7+ Ke8
34. Ng5 Kd7 35. Ne2 Rh8 36. Qg3 Qf6 37. Qe3 Rh5 38. f4 Nd8 39. Re1 Nf7 40. Ng3
Rh8 41. Nxf7 Qxf7 42. Qe5 Re8 43. Kf2 Nc6 44. Qxe8+ Qxe8 45. Rxe8 Kxe8 46. Ke3
Nb4 47. a4 1/2-1/2

[Event "62.HEM 2008, Gruppe C"]
[Site "Hanau"]
[Date "2008.03.21"]
[Round "4.5"]
[White "Hoehne, Volkmar"]
[Black "Froehlich-Dill, Astrid"]
[Result "1-0"]
[WhiteElo "1917"]
[BlackElo "1991"]
[PlyCount "131"]
[EventDate "2008.??.??"]

1. d4 Nf6 2. c4 e6 3. Nc3 b6 4. Nf3 Bb7 5. a3 c5 6. e3 Be7 7. Bd3 O-O 8. O-O d5
9. cxd5 exd5 10. Re1 Nc6 11. Bd2 Na5 12. Ne5 Ne4 13. Bc2 f6 14. Nd3 Nc4 15. Bc1
Rc8 16. Nf4 Qd7 17. f3 Nxc3 18. bxc3 Bd6 19. Qd3 f5 20. Ne2 Ba6 21. Qd1 Rce8
22. Ng3 g6 23. Ba4 b5 24. Bc2 Bxg3 25. hxg3 Qc7 26. Kf2 Nd6 27. Kg1 cxd4 28.
Qxd4 Qc4 29. Rd1 Bb7 30. Rb1 Qxd4 31. Rxd4 Rc8 32. Bd2 Nc4 33. Rxb5 Nxa3 34.
Rxb7 Nxc2 35. Rxd5 Rfd8 36. Rbd7 Rxd7 37. Rxd7 a5 38. c4 a4 39. Bc3 Rxc4 40.
Bd4 Nb4 41. Rg7+ Kf8 42. Rxh7 Nc2 43. Ra7 a3 44. Kf2 Nxd4 45. exd4 Rc2+ 46. Ke3
a2 47. Kf4 Rxg2 48. Ke5 Ke8 49. f4 Kd8 50. d5 Kc8 51. d6 Re2+ 52. Kf6 Rd2 53.
Ke7 Re2+ 54. Kf7 Rd2 55. Kxg6 Kb8 56. Ra3 Kb7 57. Kxf5 Kc6 58. g4 Kxd6 59. Kf6
Rf2 60. f5 Kd5 61. g5 Ke4 62. Ra4+ Kd5 63. g6 Rb2 64. g7 Rb6+ 65. Kg5 Rb2 66.
Rxa2 1-0

[Event "62.HEM 2008, Gruppe C"]
[Site "Hanau"]
[Date "2008.03.21"]
[Round "4.6"]
[White "Fußnecker, Manfred"]
[Black "Geringer, Waldemar"]
[Result "1-0"]
[WhiteElo "1989"]
[BlackElo "1891"]
[PlyCount "37"]
[EventDate "2008.??.??"]

1. e4 c5 2. Nf3 d6 3. Bb5+ Nc6 4. d4 cxd4 5. Qxd4 Bd7 6. Bxc6 Bxc6 7. Nc3 Nf6
8. Bg5 Qc7 9. O-O-O b5 10. Rhe1 h6 11. Bh4 g5 12. Bg3 e5 13. Nxe5 b4 14. Nxc6
bxc3 15. e5 cxb2+ 16. Kb1 Qxc6 17. exd6+ Kd7 18. Qxf6 Rd8 19. Qf5# 1-0

[Event "62.HEM 2008, Gruppe C"]
[Site "Hanau"]
[Date "2008.03.21"]
[Round "4.7"]
[White "Juhnke, Peter"]
[Black "Gutacker, Stephan"]
[Result "1/2-1/2"]
[WhiteElo "1917"]
[BlackElo "1985"]
[PlyCount "72"]
[EventDate "2008.??.??"]

1. e4 e5 2. f4 exf4 3. Nf3 Be7 4. Bc4 Bh4+ 5. Kf1 d5 6. exd5 Bg4 7. d4 Ne7 8.
Bxf4 O-O 9. Nc3 Ng6 10. Bg3 Bxg3 11. hxg3 c6 12. Qd2 cxd5 13. Bxd5 Nd7 14. Bb3
Nf6 15. Re1 Qd6 16. Ne4 Nxe4 17. Rxe4 Bxf3 18. gxf3 Qxg3 19. Qf2 Qxf2+ 20. Kxf2
Rfe8 21. Rhe1 Kf8 22. c4 Rxe4 23. Rxe4 Re8 24. Bc2 b6 25. Rxe8+ Kxe8 26. Bxg6
fxg6 27. b4 Kd7 28. a4 g5 29. Kg3 h5 30. Kg2 g6 31. Kg3 Kc7 32. b5 Kd7 33. c5
bxc5 34. dxc5 Kc7 35. a5 Kb7 36. a6+ Kb8 1/2-1/2

[Event "62.HEM 2008, Gruppe C"]
[Site "Hanau"]
[Date "2008.03.21"]
[Round "4.8"]
[White "Beck, Manfred"]
[Black "Walda, Michael"]
[Result "1-0"]
[WhiteElo "1895"]
[BlackElo "1973"]
[PlyCount "127"]
[EventDate "2008.??.??"]

1. c4 Nf6 2. Nc3 e6 3. e4 Bb4 4. e5 Bxc3 5. dxc3 Ng8 6. Qg4 g6 7. Bg5 f6 8.
exf6 Kf7 9. Nf3 d6 10. O-O-O Nd7 11. c5 Ngxf6 12. Qh4 d5 13. Bd3 Qf8 14. Bh6
Qe7 15. Rhe1 Nxc5 16. Ne5+ Ke8 17. Bg5 Rf8 18. Re3 Nxd3+ 19. Rdxd3 h6 20. Qxh6
Qh7 21. Qxh7 Nxh7 22. Bh4 g5 23. Bg3 Rf5 24. Rf3 c6 25. Rde3 Kf8 26. Ng4 Rxf3
27. Rxf3+ Kg7 28. Be5+ Kg6 29. Bd4 e5 30. Nxe5+ Kh6 31. Rf7 Be6 32. Rxb7 Rc8
33. Rxa7 c5 34. Be3 d4 35. Bd2 Nf6 36. Ra6 Re8 37. h4 Ne4 38. Bxg5+ Kg7 39.
Ra7+ Kg8 40. f3 Ng3 41. Re7 Rxe7 42. Bxe7 Bxa2 43. Bxc5 dxc3 44. bxc3 Nf5 45.
Bf2 Kg7 46. c4 Bb3 47. Kb2 Bd1 48. Kc3 Kf6 49. Ng4+ Ke6 50. Ne3 Be2 51. Nxf5
Kxf5 52. Be3 Bf1 53. g4+ Kg6 54. h5+ Kf7 55. g5 Be2 56. Kd4 Bxf3 57. h6 Bd1 58.
Ke5 Bc2 59. Kd6 Ke8 60. c5 Kd8 61. c6 Kc8 62. c7 Bf5 63. Bf4 Be4 64. Ke7 1-0

[Event "62.HEM 2008, Gruppe C"]
[Site "Hanau"]
[Date "2008.03.21"]
[Round "4.9"]
[White "Bosse, Volkmar"]
[Black "Bankmann, Daniel"]
[Result "0-1"]
[WhiteElo "1968"]
[BlackElo "1779"]
[PlyCount "58"]
[EventDate "2008.??.??"]

1. e4 e6 2. d4 d5 3. Nc3 Nf6 4. Bg5 Bb4 5. e5 h6 6. Bd2 Bxc3 7. bxc3 Ne4 8. Qg4
Kf8 9. Nf3 c5 10. Bd3 Nxd2 11. Nxd2 Qa5 12. O-O c4 13. Be2 Qxc3 14. Qf4 Qxc2
15. Rfc1 Qf5 16. Qg3 Qg5 17. Qa3+ Qe7 18. Qe3 Nc6 19. f4 g6 20. Rab1 Rb8 21.
Rf1 b5 22. g4 a5 23. Kh1 b4 24. Bf3 Qa7 25. Nxc4 dxc4 26. Bxc6 Bb7 27. Bxb7
Qxb7+ 28. Kg1 Qd5 29. h4 h5 0-1

[Event "62.HEM 2008, Gruppe C"]
[Site "Hanau"]
[Date "2008.03.21"]
[Round "4.10"]
[White "Guenzler, Richard"]
[Black "Larem, Peter"]
[Result "1/2-1/2"]
[WhiteElo "1851"]
[BlackElo "1951"]
[PlyCount "67"]
[EventDate "2008.??.??"]

1. d4 Nf6 2. c4 c5 3. d5 b5 4. f3 d6 5. Nc3 bxc4 6. e4 g6 7. Bxc4 Bg7 8. Nge2
O-O 9. O-O Nbd7 10. Ng3 Ne5 11. Be2 Qb6 12. Rb1 c4+ 13. Kh1 Nd3 14. Bxd3 cxd3
15. Re1 Ng4 16. fxg4 Bxc3 17. Be3 Bd4 18. Qxd3 Bxe3 19. Qxe3 Bxg4 20. Qg5 Bd7
21. Qxe7 Bb5 22. Qf6 Rac8 23. Rbc1 Qa6 24. a3 Rfe8 25. Rc3 Rxc3 26. Qxc3 Rc8
27. Qd2 Bd3 28. Rc1 Rxc1+ 29. Qxc1 Qc4 30. Qxc4 Bxc4 31. b4 a6 32. Kg1 Kg7 33.
Kf2 Kf6 34. Ke3 1/2-1/2

[Event "62.HEM 2008, Gruppe C"]
[Site "Hanau"]
[Date "2008.03.21"]
[Round "4.11"]
[White "Storkebaum, Ulrike"]
[Black "Iwanziw, Niklas"]
[Result "1/2-1/2"]
[WhiteElo "1951"]
[BlackElo "1820"]
[PlyCount "128"]
[EventDate "2008.??.??"]

1. e4 c5 2. Nf3 d6 3. d4 cxd4 4. Nxd4 Nf6 5. Nc3 a6 6. Be2 e6 7. Be3 Qc7 8. O-O
b5 9. f3 Be7 10. Qd2 Bb7 11. g4 h6 12. Bd3 Nbd7 13. Rac1 Nb6 14. Rfe1 Nfd7 15.
Qf2 Nc4 16. Bxc4 Qxc4 17. Qe2 Rc8 18. Qxc4 Rxc4 19. Nce2 d5 20. exd5 Bxd5 21.
b3 Rc7 22. Nf4 Bb7 23. Ndxe6 fxe6 24. Nxe6 Rc8 25. Nxg7+ Kf7 26. Nf5 Bb4 27.
Rf1 Ne5 28. h3 Nxf3+ 29. Kf2 Kg6 30. Rfd1 Bc6 31. c3 Ba3 32. Rc2 Be4 33. Re2
Ne5 34. Nh4+ Kh7 35. Bd4 Rhf8+ 36. Ke3 Nf3 37. Kxe4 Nxh4 38. Kd3 Rf3+ 39. Kc2
Bb4 40. Rd3 Rc7 41. Kd2 Be7 42. Re6 Bg5+ 43. Ke2 Rff7 44. Re8 Ng6 45. Rf3 Rce7+
46. Rxe7 Rxe7+ 47. Kd1 Nf4 48. h4 Ne6 49. hxg5 Nxd4 50. cxd4 Re4 51. gxh6 Rxd4+
52. Kc2 Rxg4 53. Kc3 Rg6 54. Rh3 Rg4 55. a3 Rf4 56. Rd3 Rf6 57. Kb4 Kxh6 58.
Rh3+ Kg7 59. Rh4 Rg6 60. Rd4 Kf7 61. a4 bxa4 62. Kxa4 Ke7 63. Rc4 Kd7 64. b4
Rc6 1/2-1/2

[Event "62.HEM 2008, Gruppe C"]
[Site "Hanau"]
[Date "2008.03.21"]
[Round "4.12"]
[White "Schoesser, Manfred"]
[Black "Ostermeier, Thorsten"]
[Result "1-0"]
[WhiteElo "1772"]
[BlackElo "1949"]
[PlyCount "69"]
[EventDate "2008.??.??"]

1. e4 c5 2. d4 cxd4 3. c3 dxc3 4. Nxc3 Nc6 5. Nf3 e6 6. Bc4 Bb4 7. O-O Bxc3 8.
bxc3 Nge7 9. Qd6 O-O 10. Ba3 Re8 11. Nd4 a6 12. Rad1 b5 13. Bb3 Nxd4 14. cxd4
Bb7 15. d5 exd5 16. exd5 Nc8 17. Qf4 d6 18. Rd3 a5 19. Rh3 b4 20. Bb2 f6 21.
Bc2 Bxd5 22. Bxh7+ Kf8 23. Bg6 Re5 24. Rh8+ Bg8 25. Bxe5 dxe5 26. Qf3 Ne7 27.
Bh7 a4 28. Rd1 Qc8 29. Bxg8 Nxg8 30. Qd5 Ke7 31. f4 Qg4 32. fxe5 fxe5 33. Qxe5+
Kf7 34. Qd5+ Kg6 35. Rf1 1-0

[Event "62.HEM 2008, Gruppe C"]
[Site "Hanau"]
[Date "2008.03.21"]
[Round "4.13"]
[White "Ritscher, Georg"]
[Black "Raab, Hendrik"]
[Result "1/2-1/2"]
[WhiteElo "1993"]
[BlackElo "1731"]
[PlyCount "44"]
[EventDate "2008.??.??"]

1. e4 c6 2. d4 d5 3. Nc3 dxe4 4. Nxe4 Bf5 5. Ng3 Bg6 6. Nf3 Nd7 7. Bd3 Bxd3 8.
Qxd3 e6 9. O-O Ngf6 10. Bf4 Be7 11. c3 O-O 12. Rfe1 Re8 13. Rad1 c5 14. dxc5
Bxc5 15. Qb5 Qb6 16. Qxb6 Nxb6 17. Rd3 Rad8 18. Red1 Rxd3 19. Rxd3 Nfd5 20. Be5
f6 21. Bd4 Bxd4 22. Rxd4 Kf7 1/2-1/2

[Event "62.HEM 2008, Gruppe C"]
[Site "Hanau"]
[Date "2008.03.21"]
[Round "4.14"]
[White "Wolff, Michael"]
[Black "Foerster, Rudi"]
[Result "1/2-1/2"]
[WhiteElo "1953"]
[BlackElo "1914"]
[PlyCount "113"]
[EventDate "2008.??.??"]

1. e4 c5 2. Nf3 Nc6 3. d4 cxd4 4. Nxd4 e5 5. Nb5 d6 6. N1c3 a6 7. Na3 b5 8. Nd5
Be6 9. c4 b4 10. Nc2 Be7 11. Ncxb4 Bxd5 12. Nxd5 Nf6 13. Qa4 Rc8 14. Bd3 O-O
15. O-O a5 16. Bd2 Nd7 17. Bxa5 Nxa5 18. Nxe7+ Qxe7 19. Qxa5 Nc5 20. Qd2 Qb7
21. b3 Nxe4 22. Bxe4 Qxe4 23. Rad1 Rc6 24. Rfe1 Qg6 25. Re3 h6 26. Rd3 Rd8 27.
Rd5 Ra8 28. h3 Raa6 29. Qe2 Ra3 30. Qb2 Raa6 31. a4 Qe4 32. Qa3 f6 33. a5 Qe2
34. Qc1 Rc5 35. Qd2 Qxd2 36. R1xd2 Raxa5 37. Rxd6 Ra1+ 38. Kh2 Rb1 39. R6d3 e4
40. Rc3 Kf7 41. Re2 f5 42. f3 exf3 43. Rxf3 g5 44. Rd3 Rc6 45. Re5 f4 46. Re2
Rb6 47. c5 R6xb3 48. Rxb3 Rxb3 49. Rc2 Rb7 50. c6 Rc7 51. Rc5 Ke6 52. g3 Kd6
53. Rf5 fxg3+ 54. Kxg3 Rxc6 55. Rf6+ Kd5 56. Rxc6 Kxc6 57. h4 1/2-1/2

[Event "62.HEM 2008, Gruppe C"]
[Site "Hanau"]
[Date "2008.03.21"]
[Round "4.15"]
[White "Becker, Jonas"]
[Black "Schmitt, Carsten"]
[Result "0-1"]
[WhiteElo "1922"]
[BlackElo "1821"]
[PlyCount "104"]
[EventDate "2008.??.??"]

1. d4 d5 2. Nf3 c6 3. e3 Nd7 4. Be2 Qc7 5. b3 e5 6. dxe5 Nxe5 7. Bb2 Bd6 8.
Nbd2 Nf6 9. O-O Bg4 10. h3 Nxf3+ 11. Nxf3 Bxf3 12. Bxf3 Be5 13. Bxe5 Qxe5 14.
Qd4 Qxd4 15. exd4 O-O-O 16. Rfd1 Rd6 17. Rd3 Re8 18. c4 dxc4 19. bxc4 Red8 20.
Rad1 Kc7 21. d5 cxd5 22. cxd5 Ra6 23. Rc3+ Kd6 24. Rdc1 Rxa2 25. Rc7 Rd7 26.
R7c5 Ne8 27. Rb5 Rc7 28. Rcb1 b6 29. Bd1 Nf6 30. Bb3 Ra3 31. Rb2 Nd7 32. Bc2
Rc5 33. Rxc5 Kxc5 34. Be4 Nf6 35. f3 Nxe4 36. fxe4 Re3 37. Rf2 f6 38. Rc2+ Kd6
39. Ra2 Rxe4 40. Rxa7 Re7 41. Ra8 Kxd5 42. Rd8+ Kc4 43. Rc8+ Kb4 44. Rb8 b5 45.
Kf2 Kc4 46. Rc8+ Kb3 47. Rc5 b4 48. Rc6 Kb2 49. Kf3 b3 50. g4 Kb1 51. Rd6 b2
52. Rc6 Ra7 0-1

[Event "62.HEM 2008, Gruppe C"]
[Site "Hanau"]
[Date "2008.03.21"]
[Round "4.16"]
[White "Genis, Roy"]
[Black "Egenolf, Dirk"]
[Result "1/2-1/2"]
[WhiteElo "1917"]
[BlackElo "1799"]
[PlyCount "72"]
[EventDate "2008.??.??"]

1. e4 c5 2. c3 e6 3. d4 cxd4 4. cxd4 Bb4+ 5. Bd2 Bxd2+ 6. Qxd2 Nf6 7. Nc3 d6 8.
Nf3 O-O 9. Be2 a6 10. O-O b5 11. a3 Bb7 12. Bd3 Nbd7 13. Rfc1 Nb6 14. Rc2 Qe7
15. Rac1 Rac8 16. Qe2 Rc7 17. Na2 Rfc8 18. Nb4 Ne8 19. b3 Rxc2 20. Rxc2 Rxc2
21. Qxc2 Qc7 22. Ne1 Qxc2 23. Nexc2 Nc7 24. Ne3 a5 25. Na2 Kf8 26. Nc3 Bc6 27.
f3 h6 28. b4 axb4 29. axb4 d5 30. exd5 Nbxd5 31. Ncxd5 Nxd5 32. Nxd5 exd5 33.
Kf2 Ke7 34. g4 g5 35. Kg3 f6 36. f4 Kd6 1/2-1/2

[Event "62.HEM 2008, Gruppe C"]
[Site "Hanau"]
[Date "2008.03.21"]
[Round "4.17"]
[White "Enders, Georg"]
[Black "Neumann, Uwe"]
[Result "1/2-1/2"]
[WhiteElo "2042"]
[BlackElo "1716"]
[PlyCount "101"]
[EventDate "2008.??.??"]

1. e4 e6 2. d4 d5 3. Nc3 dxe4 4. Nxe4 Nd7 5. Nf3 Ngf6 6. Bd3 c5 7. c3 cxd4 8.
Nxd4 Nxe4 9. Bxe4 Nc5 10. Bc2 e5 11. Qe2 Qe7 12. Nb3 Qc7 13. O-O Bd6 14. Nxc5
Bxc5 15. Ba4+ Bd7 16. Bxd7+ Kxd7 17. Rd1+ Ke7 18. Be3 Rhe8 19. Bxc5+ Qxc5 20.
Qg4 Kf8 21. Rd7 e4 22. Qf4 Re7 23. Rad1 Rae8 24. Rd8 e3 25. Rxe8+ Rxe8 26. fxe3
Qxe3+ 27. Qxe3 Rxe3 28. Rd7 Re7 29. Rd8+ Re8 30. Rd4 Re7 31. Kf2 Ke8 32. Kf3
Re6 33. a4 Ke7 34. Rb4 b6 35. a5 Kd7 36. axb6 axb6 37. Ra4 Rc6 38. Rg4 Rf6+ 39.
Ke3 g6 40. Kd3 Rf5 41. b4 Kd6 42. c4 h5 43. Rd4+ Kc7 44. Ke3 f6 45. Rf4 Rxf4
46. Kxf4 Kd6 47. h4 Ke6 48. g3 Kd6 49. Ke4 Kc6 50. Kf4 Kd6 51. Ke4 1/2-1/2

[Event "62.HEM 2008, Gruppe C"]
[Site "Hanau"]
[Date "2008.03.21"]
[Round "4.18"]
[White "Krzesinski, Paul"]
[Black "Radtke, Thoralf"]
[Result "0-1"]
[WhiteElo "1829"]
[BlackElo "2005"]
[PlyCount "114"]
[EventDate "2008.??.??"]

1. e4 e6 2. d4 d5 3. exd5 exd5 4. Bd3 Nf6 5. Nf3 Be7 6. O-O O-O 7. Bf4 Nc6 8.
c3 Bg4 9. Nbd2 Bd6 10. Bg5 h6 11. Bh4 Bf4 12. Qc2 Bxd2 13. Nxd2 Qd6 14. h3 Bc8
15. Rae1 Nh5 16. g4 g5 17. gxh5 gxh4 18. Re3 f5 19. f4 Bd7 20. Re2 Kh8 21. Rf3
Rg8+ 22. Kh2 Raf8 23. Nf1 Ne7 24. Ne3 Rg3 25. Ref2 Rxf3 26. Rxf3 c6 27. Qf2 Qf6
28. Ng2 Be8 29. Qxh4 Qxh4 30. Nxh4 Bxh5 31. Re3 Rf7 32. Re5 Ng6 33. Re8+ Nf8
34. Bxf5 Rxf5 35. Nxf5 Bxe8 36. Nxh6 Bg6 37. Ng4 Kg7 38. Kg3 Bf5 39. Ne5 Nh7
40. h4 Nf6 41. Kf3 Ne4 42. Ke3 Nd6 43. b3 Bb1 44. Kd2 Kh6 45. a4 Bf5 46. c4
dxc4 47. bxc4 Kh5 48. d5 c5 49. Kc3 Kxh4 50. Nf3+ Kg4 51. Nd4 cxd4+ 52. Kxd4
Kxf4 53. c5 Ne4 54. c6 b6 55. a5 Nd6 56. axb6 axb6 57. c7 Bd7 0-1

[Event "62.HEM 2008, Gruppe C"]
[Site "Hanau"]
[Date "2008.03.21"]
[Round "4.19"]
[White "Rompel, Michael"]
[Black "Haftmann, Rainer"]
[Result "1-0"]
[WhiteElo "1981"]
[BlackElo "1859"]
[PlyCount "63"]
[EventDate "2008.??.??"]

1. d4 Nf6 2. c3 d5 3. e3 e6 4. Bd3 Bd6 5. Nd2 Nbd7 6. f4 c5 7. Ngf3 b6 8. Ne5
Bb7 9. O-O Ne4 10. Qf3 Ndf6 11. Bb5+ Kf8 12. Bd3 Rc8 13. g4 Nxd2 14. Bxd2 Ne4
15. Rad1 c4 16. Bb1 b5 17. Qg2 Rc7 18. Nf3 f6 19. Be1 Qe8 20. Bg3 h5 21. Nh4
hxg4 22. Bxe4 dxe4 23. Ng6+ Kg8 24. Nxh8 Kxh8 25. h3 Qh5 26. hxg4 Qxg4 27. Rd2
g5 28. Be1 Qxg2+ 29. Rxg2 gxf4 30. Bh4 Rf7 31. Kf2 f3 32. Bxf6+ 1-0

[Event "62.HEM 2008, Gruppe C"]
[Site "Hanau"]
[Date "2008.03.21"]
[Round "4.20"]
[White "Overbeck, Christopher"]
[Black "Smits, Oswald"]
[Result "1/2-1/2"]
[WhiteElo "1816"]
[BlackElo "1921"]
[PlyCount "56"]
[EventDate "2008.??.??"]

1. e4 c5 2. Nf3 e6 3. b3 d6 4. Bb2 Nd7 5. d4 cxd4 6. Nxd4 a6 7. g3 Ngf6 8. Bg2
Be7 9. O-O O-O 10. c4 Rb8 11. Nc3 Ne5 12. Kh1 Bd7 13. Qe2 Nc6 14. Nc2 Qc7 15.
f4 Rbc8 16. Rac1 Qb8 17. Ba3 Rcd8 18. Rcd1 Rfe8 19. Rd2 Bc8 20. Rfd1 Bf8 21.
Qf2 Qc7 22. Qf3 Rd7 23. g4 Red8 24. g5 Ne8 25. Qh5 g6 26. Qh4 Bg7 27. Rd3 f6
28. Rh3 Bh8 1/2-1/2

[Event "62.HEM 2008, Gruppe C"]
[Site "Hanau"]
[Date "2008.03.21"]
[Round "4.21"]
[White "Ewin, Hans-Peter"]
[Black "Zimmerer, David"]
[Result "1-0"]
[WhiteElo "1920"]
[BlackElo "1808"]
[PlyCount "97"]
[EventDate "2008.??.??"]

1. e4 c5 2. Nf3 Nc6 3. d4 cxd4 4. Nxd4 Nf6 5. Nc3 e5 6. Ndb5 d6 7. Bg5 a6 8.
Na3 b5 9. Nd5 Be7 10. Bxf6 Bxf6 11. c3 Bg5 12. Nc2 O-O 13. Be2 f5 14. exf5 Bxf5
15. O-O Rb8 16. Ncb4 Nxb4 17. Nxb4 Qb6 18. Qd5+ Kh8 19. Rad1 Rbd8 20. Bf3 Rfe8
21. Rfe1 g6 22. Qb7 Qxb7 23. Bxb7 a5 24. Nc6 Rd7 25. Nxa5 Red8 26. Bc6 Ra7 27.
Nb7 Rc8 28. Nxd6 Rxc6 29. Rxe5 Rd7 30. Red5 Bc2 31. Nxb5 Rxd5 32. Rxd5 Re6 33.
Kf1 Be4 34. Rd1 Bc2 35. Rd4 Be4 36. Nd6 Bf6 37. Rxe4 Rxd6 38. Ke2 Bg5 39. f4
Bf6 40. a4 Rb6 41. Rb4 Rxb4 42. cxb4 Bxb2 43. Kd3 Kg8 44. a5 Ba3 45. Kc4 Bc1
46. a6 Be3 47. Kd5 Kf7 48. Kc6 Ke6 49. b5 1-0

[Event "62.HEM 2008, Gruppe C"]
[Site "Hanau"]
[Date "2008.03.21"]
[Round "4.22"]
[White "Meier, Lars"]
[Black "Reichel, Rolf"]
[Result "1-0"]
[WhiteElo "1864"]
[BlackElo "1748"]
[PlyCount "57"]
[EventDate "2008.??.??"]

1. e4 e5 2. Nf3 Nf6 3. Nc3 d6 4. d4 exd4 5. Nxd4 Be7 6. Bd3 O-O 7. h3 Nc6 8.
Nxc6 bxc6 9. O-O Be6 10. b3 Qd7 11. f4 Qd8 12. Bb2 d5 13. e5 Ne4 14. Nxe4 dxe4
15. Bxe4 Bc5+ 16. Kh1 Qh4 17. Qf3 Rad8 18. Rad1 Rxd1 19. Rxd1 Rd8 20. Rxd8+
Qxd8 21. f5 Bc8 22. Bd3 Qh4 23. Bc3 Qg5 24. Qe4 Qc1+ 25. Qe1 Qh6 26. Bd2 Qh5
27. b4 Be7 28. Qf1 Bh4 29. g4 1-0

[Event "62.HEM 2008, Gruppe C"]
[Site "Hanau"]
[Date "2008.03.21"]
[Round "4.23"]
[White "Rausch, Wolfgang"]
[Black "Draxler, Gottfried"]
[Result "0-1"]
[WhiteElo "1800"]
[BlackElo "1846"]
[PlyCount "50"]
[EventDate "2008.??.??"]

1. c4 c5 2. Nc3 b6 3. Nf3 Nc6 4. d4 cxd4 5. Nxd4 Bb7 6. e4 e6 7. Nc2 Be7 8. Be2
a6 9. O-O Nf6 10. Be3 Bc5 11. f4 d6 12. Bf3 Qc7 13. Qe2 O-O 14. a3 Bxe3+ 15.
Nxe3 Nd4 16. Qd3 Nxf3+ 17. Rxf3 Qc6 18. e5 dxe5 19. fxe5 Rad8 20. Qe2 Ne4 21.
Ng4 Qc5+ 22. Nf2 Nxc3 23. Rxc3 Rd4 24. Rac1 Rfd8 25. R1c2 Rd1+ 0-1

[Event "62.HEM 2008, Gruppe C"]
[Site "Hanau"]
[Date "2008.03.21"]
[Round "4.24"]
[White "Johne, Siegfried"]
[Black "Gertz, Berthold"]
[Result "0-1"]
[WhiteElo "2023"]
[BlackElo "1949"]
[PlyCount "66"]
[EventDate "2008.??.??"]

1. e4 c5 2. Nf3 d6 3. d4 cxd4 4. Nxd4 Nf6 5. Nc3 a6 6. Bc4 e6 7. Bb3 Be7 8. Be3
b5 9. f3 Bb7 10. Qd2 Nbd7 11. a4 Qa5 12. O-O b4 13. Na2 d5 14. exd5 Nxd5 15.
Bxd5 Bxd5 16. b3 Rc8 17. Rad1 O-O 18. Rf2 Nb6 19. Nc1 Rfd8 20. Nd3 Ba8 21. Qe1
Nd5 22. Bd2 Nc3 23. Bxc3 Rxc3 24. Nc1 Bc5 25. Nce2 Re3 26. Qf1 Qb6 27. c3 bxc3
28. Nc2 Red3 29. Rxd3 Bxf2+ 30. Qxf2 Qxf2+ 31. Kxf2 Rxd3 32. Nb4 Rd2 33. Nxa6
c2 0-1

[Event "62.HEM 2008, Gruppe C"]
[Site "Hanau"]
[Date "2008.03.21"]
[Round "4.25"]
[White "Warnk, Torsten"]
[Black "Wiest, Kurt"]
[Result "1-0"]
[WhiteElo "2063"]
[BlackElo "1792"]
[PlyCount "73"]
[EventDate "2008.??.??"]

1. d4 d5 2. Nf3 Nf6 3. Bf4 Bf5 4. e3 e6 5. c4 c6 6. Nc3 Bd6 7. Bxd6 Qxd6 8. c5
Qe7 9. b4 O-O 10. b5 Ne4 11. Nxe4 Bxe4 12. Bd3 Bxf3 13. Qxf3 e5 14. Qf5 e4 15.
Be2 g6 16. Qh3 f5 17. g3 cxb5 18. Bxb5 b6 19. Rc1 Rc8 20. g4 f4 21. exf4 bxc5
22. Qa3 Nc6 23. Rxc5 Rab8 24. Be2 Qf8 25. Qe3 Rb1+ 26. Bd1 Nb4 27. O-O Rxc5 28.
dxc5 Nd3 29. Bb3 Rxf1+ 30. Kxf1 Qf7 31. c6 Nxf4 32. Qxe4 Kg7 33. Qe5+ Kh6 34.
g5+ Kh5 35. Bd1+ Kh4 36. c7 d4 37. c8=Q 1-0